| 000 | 00606nam a2200241Ia 4500 | ||
|---|---|---|---|
| 008 | 160303s9999 xx 000 0 und d | ||
| 020 | _a971-08-6814-4 | ||
| 050 | _aFIL HB 171.5 | ||
| 050 | _b.N43 2008 | ||
| 100 | _aNebres, Abriel M. | ||
| 245 | _aEconomics : | ||
| 245 | _bconcepts, theories, and application / | ||
| 245 | _cAbriel M. Nebres | ||
| 260 | _aMandaluyong: | ||
| 260 | _bNational Bookstore. | ||
| 260 | _c2008 | ||
| 300 | _a312 pages : | ||
| 300 | _billustrations ; | ||
| 300 | _c23 cm. | ||
| 500 | _aIncludes index. | ||
| 650 | _aEconomics. | ||
| 650 | _xEconomic policy. | ||
| 999 |
_c291283 _d291283 |
||